00401 2200181 4500001002100000005001500021035002000036245003800056100001200094300001100106260003200117082000800149084001400157990001200171990001200183990001200195990001200207INLIS00000000000205120250527092112 a0010-05250003431 aHorison Majalah Sastra /cSelasih0 aSelasih a28 hlm aJakarta :bDepdiknas,c2008 a800 a800 SEL h a0713291 a0713292 a0713293 a0713294